000 00743nam a2200253Ia 4500
003 OSt
005 20220928125033.0
006 a|||||r|||| 00| 0
007 ta
008 220927b |||||||| |||| 00| 0 eng d
020 _c5869.75
024 _a127412
037 _b079, 10/11/2015, Classic Book Service
_cTextual
040 _aSDCL
_cSDCL
_beng
041 _2eng
_aeng
082 _aB28931, Q5
100 _aBierlaire Michel
_9467719
245 0 _aOptimization
_b Principales and algorithms
260 _aBoca Raton
_b CRC Press
_c2015
300 _axvi;718p.
_ccm.
650 _aMathematics
942 _hB28931, Q5
_cTEXL
_2CC
999 _c780584
_d780584